000 00818nam a2200253Ia 4500
003 OSt
005 20220923214749.0
006 a|||||r|||| 00| 0
007 ta
008 220922b |||||||| |||| 00| 0 hin d
024 _a172,443
037 _cTextual
040 _aARTS
_cARTS
_bhin
041 _2hin
_ahin
082 _aO152:3N404,SE, L3
100 _aनारंग, सुदर्शन
_9156279
245 0 _aसिर्फ एक आकाश
246 _aSirfa ek ākāsha
260 _aइलाहाबाद
_b लोकभारती प्रकाशन
_c1973
300 _a125पृ.
_ccm.
650 _aहिन्दी साहित्य
_9156264
942 _hO152:3N404,SE, L3
_cTEXL
_2CC
999 _c326507
_d326507